00675 2200241 4500001002100000005001500021035002000036007000300056008004100059020002200100082001000122084001600132100001700148245007100165250001000236260003800246300003100284650002500315700002700340504004400367990001100411990001100422INLIS00000000000436620191105093130 a0010-1019000218ta191105 g 0 ind  a978-979-002-769-5 a631.5 a631.5 JIM a0 aJIMMY, Halim1 aAkuaponik Pekarangan /cJimmy Halim; editor, Febriani Ai Nurrohmah acet.1 aJakarta :bPenebar Swadaya,c2018 a83 hlm. :bilus. ;c23 cm. 4aPERTANIAN. AKUAPONIK0 aFEBRIANI, Ai Nurrohmah aGlosarium: hlm.82 ; Bibliografi: hlm.83 a7030 a a7030 b